000 002440000a22000970004500
100 1 _aTamayo, Juan Pablo
245 1 0 _aCreemos en el reino de Dios
300 _aVol. 3, Núm 13 (1991), Páginas 13
773 0 _tImpacto Presbiteriano
942 _cANA
999 _c50962
_d50962